India and Russia in a Changing World: proceedings (Record no. 15319)

MARC details
000 -LEADER
fixed length control field 00329nam a2200121Ia 4500
082 ## - DEWEY DECIMAL CLASSIFICATION NUMBER
Classification number 327.54047 IND-
100 ## - MAIN ENTRY--AUTHOR NAME
Personal name Indo-Russian Seminar on India
245 #0 - TITLE STATEMENT
Title India and Russia in a Changing World: proceedings
260 ## - PUBLICATION, DISTRIBUTION, ETC. (IMPRINT)
Place of publication New Delhi
Name of publisher ICSSR
Year of publication 1999
300 ## - PHYSICAL DESCRIPTION
Number of Pages 160
942 ## - ADDED ENTRY ELEMENTS (KOHA)
Koha item type Books
Holdings
Withdrawn status Lost status Damaged status Not for loan Home library Current library Date acquired Bill Date Full call number Accession Number Price effective from Koha item type
        NASSDOC Library NASSDOC Library 08/10/2004 2004-10-05 327.54047 IND- 37064 18/04/2019 Books